[Event "Riga Tech Open A 2018"]
[Site "Riga LAT"]
[Date "2018.08.12"]
[Round "9.39"]
[White "Seeman, Tarvo"]
[Black "Chukavin, Kirill"]
[Result "1-0"]
[WhiteTitle "IM"]
[WhiteElo "2405"]
[BlackElo "2291"]
[WhiteFideId "4500547"]
[BlackFideId "4503023"]
[EventDate "2018.08.06"]

1. c4 Nf6 2. Nc3 c6 3. e4 e5 4. Nf3 Bb4 5. Nxe5 O-O 6. Be2 Re8 7. Nd3 Bxc3 8.
dxc3 Nxe4 9. O-O d5 10. cxd5 Qxd5 11. Be3 Bf5 12. Qb3 Qxb3 13. axb3 Nd7 14. Rfe1
a6 15. Bf1 h6 16. f3 Nef6 17. b4 Nd5 18. Bd4 Rad8 19. Rxe8+ Rxe8 20. Kf2 Bxd3
21. Bxd3 Ne5 22. Bf1 Nf4 23. Rd1 Rd8 24. Rd2 Ne6 25. Be3 Rxd2+ 26. Bxd2 f5 27.
c4 Kf7 28. Bc3 Nd7 29. Bd3 g6 30. h4 Nf6 31. b5 axb5 32. cxb5 Nd5 33. Bd2 h5 34.
Bc4 Nec7 35. bxc6 bxc6 36. Bb4 Ke6 37. Bc5 Ne8 38. Ke2 Nf6 39. Kd3 Ne8 40. Kd4
Nc7 41. Ba3 Nb5+ 42. Kc5 Nd6 43. Ba2 Nf7 44. Kxc6 Ne5+ 45. Kc5 Nd3+ 46. Kd4 Nf4
47. Bc4 1-0

[Event "Riga Tech Open A 2018"]
[Site "Riga LAT"]
[Date "2018.08.12"]
[Round "9.41"]
[White "Kholopov, Alexander A."]
[Black "Krivonosov, Oleg"]
[Result "0-1"]
[WhiteTitle "FM"]
[BlackTitle "IM"]
[WhiteElo "2220"]
[BlackElo "2386"]
[WhiteFideId "4148100"]
[BlackFideId "11600349"]
[EventDate "2018.08.06"]

1. d4 d5 2. c4 e6 3. Nc3 Be7 4. cxd5 exd5 5. Bf4 c6 6. e3 Bd6 7. Bxd6 Qxd6 8.
Bd3 Ne7 9. Qc2 b6 10. Nf3 Ba6 11. Bxa6 Nxa6 12. O-O O-O 13. Rfc1 Rfc8 14. a3 Nc7
15. b4 h6 16. h3 Ne6 17. Na4 Rc7 18. Qb2 Rac8 19. Rc2 Ng5 20. Nxg5 hxg5 21. Rac1
Qd7 22. Qb3 Nf5 23. Nb2 Nd6 24. a4 Qe6 25. Qd3 Ne4 26. Qe2 Qe7 27. Nd3 f6 28.
Qg4 Nd6 29. Nb2 Qf7 30. h4 gxh4 31. Qxh4 Qe6 32. Qh5 Qe8 33. Qxe8+ Nxe8 34. Nd3
Kf7 35. Kf1 g5 36. Ke2 Ke6 37. g4 Nd6 38. Rh1 Ne4 39. Rh6 c5 40. bxc5 bxc5 41.
f3 c4 42. Nf4+ gxf4 43. fxe4 fxe3 44. e5 Rf7 45. Kxe3 Rg8 46. Kf4 Ke7 47. exf6+
Rxf6+ 48. Rxf6 Kxf6 49. Rc3 Re8 0-1

[Event "Riga Tech Open A 2018"]
[Site "Riga LAT"]
[Date "2018.08.12"]
[Round "9.44"]
[White "Manafov, Vugar"]
[Black "Sinz, Bernhard"]
[Result "0-1"]
[WhiteTitle "FM"]
[BlackTitle "FM"]
[WhiteElo "2215"]
[BlackElo "2377"]
[WhiteFideId "13410814"]
[BlackFideId "4618807"]
[EventDate "2018.08.06"]

1. Nf3 d5 2. g3 Bg4 3. Bg2 Nd7 4. O-O e6 5. d3 c6 6. Nbd2 Bd6 7. e4 Ne7 8. b3
O-O 9. Bb2 e5 10. Qe1 Qc7 11. Nh4 Rfe8 12. f3 Be6 13. g4 Ng6 14. Nxg6 fxg6 15.
Nb1 g5 16. Nc3 Nf8 17. Qd2 h6 18. exd5 cxd5 19. Kh1 Bb4 20. Nxd5 Bxd5 21. Qxb4
Qxc2 22. Ba3 Rad8 23. Qc5 Qxc5 24. Bxc5 Ne6 25. Bxa7 Bc6 26. a4 Rxd3 27. b4 Ra8
28. Bg1 Nf4 29. b5 Bd5 30. a5 Rb3 31. a6 Rxb5 32. a7 b6 33. Ra6 Rb2 34. Rf2 Rb1
35. Rd2 Re1 36. h3 Bb7 37. Rxb6 Rxa7 38. Kh2 Raa1 39. Bf2 Reb1 40. Rd8+ Kh7 41.
Rxb1 Rxb1 42. Re8 Rb2 43. Kg1 Bxf3 44. Bxf3 Nxh3+ 45. Kh2 Nxf2 46. Kg3 e4 47.
Bxe4+ Nxe4+ 48. Rxe4 Rb3+ 49. Kg2 Rb6 50. Kg3 Rf6 51. Re7 Kg6 52. Ra7 Rb6 53.
Rc7 Re6 54. Rb7 Kf6 55. Ra7 Re3+ 56. Kf2 Re7 57. Ra6+ Ke5 58. Kg3 Rd7 59. Rb6
Rd3+ 60. Kf2 Rd6 61. Rb7 Kf6 62. Kf3 Ra6 63. Rc7 Ra3+ 64. Kg2 Re3 65. Kf2 Re7
66. Rc6+ Ke5 67. Kg3 Rd7 68. Rb6 Rd3+ 69. Kf2 Rd6 70. Rb7 g6 71. Rh7 Kf4 72.
Rxh6 Kxg4 73. Rh8 Rd2+ 74. Ke1 Rg2 75. Ra8 Kh3 76. Kf1 g4 77. Rg8 Ra2 78. Rxg6
Kg3 79. Rg8 Ra1+ 80. Ke2 Rg1 81. Rf8 Kh2 82. Rf7 g3 83. Rf6 Kg2 84. Rg6 Ra1 85.
Rg8 Ra7 86. Ke1 Re7+ 87. Kd2 Kf2 88. Rf8+ Kg1 89. Rg8 g2 90. Rh8 Re5 91. Rh7 Kf2
92. Rf7+ Kg3 93. Rg7+ Kf3 94. Rf7+ Kg4 0-1